| 000 | 00547nam a2200169 4500 | ||
|---|---|---|---|
| 001 | 140506 | ||
| 003 | ES-MaACL | ||
| 005 | 20230906200107.0 | ||
| 007 | t| | ||
| 008 | 070214s1941 ag r ||||1| spa d | ||
| 100 | 1 |
_aSeara, Plácido. _9104984 |
|
| 245 | 1 | 0 |
_aEstudio anatómico topográfico del tórax y del abdomen / _cPlácido Seara ; prólogo de Eugenio A. Galli. |
| 260 |
_aBuenos Aires : _bEl Ateneo, _c1941. |
||
| 300 |
_a234 p., 43 lám. : _bil. ; _c29 cm. |
||
| 700 | 1 |
_aGalli, Eugenio A. _953612 |
|
| 852 |
_aES-MaACL _jE-1660 _bR.22268 |
||
| 999 |
_c140506 _d140506 |
||